|
|
|
|
| LEADER |
00998nam a2200265 a 4500 |
| 001 |
c000413852 |
| 003 |
CARM |
| 005 |
00000000000000.0 |
| 008 |
990907s1999 aca f000 0 eng d |
| 019 |
1 |
|
|a 20692171
|
| 040 |
|
|
|a NSL:R
|b eng
|c NSL:R
|d XNTU
|
| 043 |
|
|
|a u-at---
|
| 082 |
0 |
4 |
|a 337.1
|2 21
|
| 110 |
2 |
|
|a Australian Taxation Office.
|
| 245 |
1 |
0 |
|a Taxpayers' charter :
|b explanatory booklet 2 : your honesty and the tax system /
|c Australian Taxation Office.
|
| 260 |
|
|
|a [Canberra?] :
|b Australian Taxation Office,
|c 1999.
|
| 300 |
|
|
|a 17 p. ;
|c 21 cm.
|
| 500 |
|
|
|a Cover title.
|
| 500 |
|
|
|a "NAT 2550.7.99"
|
| 610 |
2 |
0 |
|a Australian Taxation Office.
|
| 650 |
|
0 |
|a Taxation
|z Australia
|x Popular works.
|
| 650 |
|
0 |
|a Income tax
|z Australia
|x Popular works.
|
| 852 |
8 |
|
|b CARM
|h A3:AF38B0
|i B11974
|p 0583115
|f BK
|
| 999 |
f |
f |
|i d4c6be6e-98be-5022-bbf3-0cebbb9c5bca
|s 01599010-7c8d-5e8f-88bb-3799e87fbe69
|
| 952 |
f |
f |
|p Can circulate
|a CAVAL
|b CAVAL
|c CAVAL
|d CARM 1 Store
|e B11974
|f A3:AF38B0
|h Other scheme
|i book
|m 0583115
|